00821cam a2200229 a 45000010009000000050017000090080041000260100017000670200018000840400013001020420008001150500024001230820016001471000026001632450062001892600041002513000021002925000144003135040066004576500033005236500035005561717440320170105102910.0120221s2011 nyu b 001 0 eng  a 2011534319 a9781608192700 aDLCcDLC apcc00aHV6432b.S767 2011b04a909.8312221 aStreatfeild, Dominic.12aA history of the world since 9/11 /cDominic Streatfeild. aNew York :bBloomsbury Press,c2011. a408 p. ;c24 cm. a"First published in Great Britain by Atlantic Books in 2001; first published in the United States by Bloomsbury Press in 2011"--T.p. verso. aIncludes bibliographical references (p. [345]-354) and index. 0aWar on Terrorism, 2001-2009. 0aHistory, Moderny21st century.